| 000 | 00654nam a2200205Ia 4500 | ||
|---|---|---|---|
| 999 |
_c13682 _d13682 |
||
| 082 | _aTS.1060 | ||
| 100 | _aSingh, Dheerendra Pratap | ||
| 245 | 0 | _aEnvironment movement with special reference to water | |
| 250 | _aBanaras Hindu Univer | ||
| 260 | _c2010 | ||
| 300 | _axiii, 197 | ||
| 504 | _aincludes appendices and bibliography | ||
| 650 |
_aEnvironmental protection _vIndia _vCitizen participation |
||
| 650 |
_aEnvironmental policy _zIndia |
||
| 650 |
_aWater conservation _zIndia |
||
| 650 |
_aWater resources development _vEnvironmental aspects |
||
| 650 |
_aJohad movement _zIndia |
||
| 710 | _aChaturvedi, Manjeet Kumar | ||
| 942 |
_cTH _2ddc |
||